[Event "24. OSREDNJA SLOVENSKA LIGA 2023"]
[Site "gostovanja"]
[Date "2023.11.09"]
[Round "7.1"]
[White "Grabljevec, Stane"]
[Black "Coklin, Marko"]
[Result "1/2-1/2"]
[WhiteElo "1785"]
[BlackElo "2119"]
[PlyCount "157"]
[EventDate "2023.11.09"]
[WhiteTeam "SK MEDVODE"]
[BlackTeam "SK TRZIN BUSCOTRADE"]

1. e4 c5 2. Nf3 Nc6 3. Bb5 g6 4. c3 Nf6 5. e5 Nd5 6. O-O Bg7 7. d4 cxd4 8. cxd4
O-O 9. Nc3 Nc7 10. Re1 Nxb5 11. Nxb5 a6 12. Nc3 d6 13. exd6 Qxd6 14. d5 Nb4 15.
Bg5 f6 16. Bh4 Rd8 17. a3 Nxd5 18. Nxd5 Qxd5 19. Qxd5+ Rxd5 20. Rxe7 Bd7 21.
Rae1 Rc8 22. h3 Rc2 23. R7e2 Rxe2 24. Rxe2 Kf7 25. Bg3 Bc6 26. Bb8 Bf8 27. Ba7
Rd1+ 28. Ne1 Bd6 29. g3 Be5 30. f4 Bxb2 31. Rxb2 Rxe1+ 32. Kf2 Rh1 33. Re2 Rxh3
34. Re3 Rh2+ 35. Ke1 Rc2 36. Bb6 Rc4 37. Bc7 Re4 38. Kd2 Rxe3 39. Kxe3 Ke6 40.
Ba5 h5 41. Bd8 Kf5 42. Bc7 Kg4 43. Kf2 g5 44. fxg5 fxg5 45. Kg1 h4 46. gxh4
gxh4 47. Kh2 Bd7 48. Bd8 h3 49. Bb6 Kf3 50. a4 Bxa4 51. Kxh3 Ke4 52. Kg3 Kd5
53. Kf3 Kc6 54. Bd4 b5 55. Bc3 Kc5 56. Ke3 b4 57. Kd2 a5 58. Bb2 Bd7 59. Kc2
Kc4 60. Kb1 Kb3 61. Bf6 Bf5+ 62. Ka1 Kc2 63. Bb2 a4 64. Ka2 Be6+ 65. Ka1 Bf7
66. Ba3 b3 67. Bb2 Be6 68. Ba3 Kc3 69. Kb1 Bf5+ 70. Ka1 Bg6 71. Bc1 Be4 72. Ba3
Bf5 73. Bc1 Kc2 74. Ba3 Bd3 75. Bb2 Kd2 76. Ba3 Kc3 77. Bc1 Bg6 78. Ba3 Bc2 79.
Bb2+ 1/2-1/2

[Event "24. OSREDNJA SLOVENSKA LIGA 2023"]
[Site "gostovanja"]
[Date "2023.11.09"]
[Round "7.2"]
[White "Krumpak, Hinko"]
[Black "Arcon, Roman"]
[Result "1-0"]
[WhiteElo "2008"]
[BlackElo "1548"]
[PlyCount "69"]
[EventDate "2023.11.09"]
[WhiteTeam "SK TRZIN BUSCOTRADE"]
[BlackTeam "SK MEDVODE"]

1. c4 e5 2. Nc3 Nf6 3. g3 Bb4 4. Qc2 Nc6 5. e3 Bxc3 6. bxc3 e4 7. f3 d5 8. cxd5
Qxd5 9. fxe4 Qxe4 10. Qxe4+ Nxe4 11. Nf3 Bf5 12. Nh4 Bg6 13. Bb2 O-O-O 14. d3
Nc5 15. Nxg6 hxg6 16. O-O-O Rhe8 17. e4 f6 18. h4 f5 19. exf5 gxf5 20. Kc2 Re3
21. Ba3 Ne6 22. Rg1 Ne5 23. Rg2 Ng4 24. Be2 Ne5 25. d4 Nxd4+ 26. Rxd4 Rxd4 27.
cxd4 Rxa3 28. dxe5 Rxa2+ 29. Kd3 Ra5 30. Kd4 Kd7 31. Bc4 b5 32. Ra2 Rxa2 33.
Bxa2 b4 34. Kc5 a5 35. Kb5 1-0

[Event "24. OSREDNJA SLOVENSKA LIGA 2023"]
[Site "gostovanja"]
[Date "2023.11.09"]
[Round "7.3"]
[White "Krupenko, Andrej"]
[Black "Borisek, Anze"]
[Result "0-1"]
[WhiteElo "1269"]
[BlackElo "1882"]
[PlyCount "63"]
[EventDate "2023.11.09"]
[WhiteTeam "SK MEDVODE"]
[BlackTeam "SK TRZIN BUSCOTRADE"]

1. d4 d5 2. c4 c6 3. Nc3 e6 4. Nf3 f5 5. e3 Nf6 6. g3 Bd6 7. Bg2 O-O 8. cxd5
exd5 9. O-O Nbd7 10. Nh4 Ne4 11. f4 Ndf6 12. Nf3 Ng4 13. Nxe4 fxe4 14. Ne5 Bxe5
15. dxe5 Qb6 16. Qd4 Qxd4 17. exd4 Nh6 18. Be3 Nf5 19. Rae1 h5 20. Kf2 h4 21.
Rh1 c5 22. Rd1 c4 23. Bh3 Nxe3 24. Kxe3 Bxh3 25. Rhg1 Bg4 26. Rc1 h3 27. b3 b5
28. a4 a6 29. a5 cxb3 30. Rb1 Rac8 31. Rxb3 Rc2 32. Rbb1 0-1

[Event "24. OSREDNJA SLOVENSKA LIGA 2023"]
[Site "gostovanja"]
[Date "2023.11.09"]
[Round "7.4"]
[White "Borstnik, Ales"]
[Black "Malensek, Luka"]
[Result "1-0"]
[WhiteElo "1799"]
[BlackElo "1486"]
[PlyCount "43"]
[EventDate "2023.11.09"]
[WhiteTeam "SK TRZIN BUSCOTRADE"]
[BlackTeam "SK MEDVODE"]

1. e4 e5 2. Nf3 Nc6 3. Bc4 a6 4. a4 Nf6 5. Ng5 d5 6. exd5 Nxd5 7. Nxf7 Kxf7 8.
Qf3+ Ke6 9. Nc3 Bc5 10. Bxd5+ Kd6 11. Qf7 Qh4 12. Ne4+ Qxe4+ 13. Bxe4 Be6 14.
Qh5 g6 15. Qh6 Raf8 16. f3 Nd4 17. c3 Nb3 18. Rb1 c6 19. d4 Bb6 20. Qg7 exd4
21. Bg5 Bc5 22. Be7+ 1-0

[Event "24. OSREDNJA SLOVENSKA LIGA 2023"]
[Site "gostovanja"]
[Date "2023.11.09"]
[Round "7.1"]
[White "Juhant, Igor"]
[Black "Veskovic, Dzemal"]
[Result "1-0"]
[WhiteElo "1945"]
[BlackElo "1824"]
[PlyCount "79"]
[EventDate "2023.11.09"]
[WhiteTeam "SK KOMENDA POPOTNIK"]
[BlackTeam "SD MENGES - TRZIN"]

1. e4 e6 2. d4 d6 3. Nf3 Be7 4. Nc3 Nd7 5. Be2 a6 6. a4 c5 7. O-O cxd4 8. Qxd4
e5 9. Qe3 Ngf6 10. h3 O-O 11. a5 Nc5 12. b4 Ne6 13. Na4 Nf4 14. Nb6 Bd7 15. Rd1
Nxe2+ 16. Qxe2 Rb8 17. Bb2 Qc7 18. c4 Bc6 19. Nd2 Be8 20. Rac1 Nd7 21. Nd5 Qd8
22. Nb3 Nf6 23. Bxe5 Nxd5 24. Rxd5 Bc6 25. Rd3 Qc7 26. Bg3 Rbd8 27. Nd4 Bg5 28.
Rcc3 Bf6 29. c5 Be5 30. cxd6 Bxd6 31. Nxc6 bxc6 32. Rxd6 Rxd6 33. Rd3 Rfd8 34.
Rxd6 Rxd6 35. Bxd6 Qxd6 36. Qxa6 h6 37. Qb6 Qg6 38. a6 Qxe4 39. a7 Qe1+ 40. Kh2
1-0

[Event "24. OSREDNJA SLOVENSKA LIGA 2023"]
[Site "gostovanja"]
[Date "2023.11.09"]
[Round "7.2"]
[White "Simicak, Metod"]
[Black "Zidar, Jernej"]
[Result "0-1"]
[WhiteElo "1741"]
[BlackElo "1976"]
[PlyCount "106"]
[EventDate "2023.11.09"]
[WhiteTeam "SD MENGES - TRZIN"]
[BlackTeam "SK KOMENDA POPOTNIK"]

1. e4 c5 2. Nc3 d6 3. d4 cxd4 4. Qxd4 Nc6 5. Bb5 Bd7 6. Bxc6 bxc6 7. f4 c5 8.
Qf2 e6 9. Nf3 g6 10. O-O Qb6 11. b3 Bg7 12. Bb2 Nf6 13. Rae1 O-O 14. h3 Nh5 15.
f5 Nf4 16. Qh4 Nh5 17. g4 Bf6 18. g5 Bd4+ 19. Nxd4 cxd4 20. Nd1 Qc5 21. Rf2
Rae8 22. c3 dxc3 23. Bxc3 exf5 24. e5 dxe5 25. Bb4 Qd4 26. Qxd4 exd4 27. Rxe8
Rxe8 28. Rd2 Nf4 29. Nf2 Re1+ 30. Kh2 Re2 31. Kg3 Rxd2 32. Bxd2 Ne6 33. Nd3 Bb5
34. Ne5 Nc5 35. Ba5 Ne4+ 36. Kf4 Kg7 37. h4 f6 38. Nf3 d3 39. Nd2 fxg5+ 40.
hxg5 Nf2 41. a4 Ba6 42. Kg3 Ng4 43. b4 Kf7 44. b5 Bb7 45. Bc3 Ke6 46. a5 a6 47.
Nb3 Kd5 48. bxa6 Bxa6 49. Nd2 Ne5 50. Kf4 Nc6 51. Ke3 Nd8 52. Bf6 Ne6 53. Be7
Nd4 {nejasno (54)} 0-1

[Event "24. OSREDNJA SLOVENSKA LIGA 2023"]
[Site "gostovanja"]
[Date "2023.11.09"]
[Round "7.3"]
[White "Ogradi, Gregor"]
[Black "Grasic, Marjan"]
[Result "1-0"]
[WhiteElo "1958"]
[BlackElo "1625"]
[PlyCount "81"]
[EventDate "2023.11.09"]
[WhiteTeam "SK KOMENDA POPOTNIK"]
[BlackTeam "SD MENGES - TRZIN"]

1. e4 g6 2. d4 Bg7 3. Nc3 d6 4. g3 b6 5. Bg2 Bb7 6. Nge2 Nf6 7. O-O O-O 8. e5
Bxg2 9. exf6 Bxf1 10. fxg7 Kxg7 11. Qxf1 c5 12. d5 e5 13. dxe6 fxe6 14. Qh3 h5
15. Nf4 Qd7 16. Qxe6 Rf6 17. Qxd7+ Nxd7 18. Ne4 Rf7 19. Nxd6 Re7 20. Bd2 Rd8
21. Bc3+ Kh7 22. f3 Ne5 23. Bxe5 Rxe5 24. Ne4 Kh6 25. h4 Kg7 26. Kf2 Kf7 27.
Rg1 b5 28. Nd3 Red5 29. f4 c4 30. Ne5+ Kg7 31. g4 Rd1 32. Rxd1 Rxd1 33. gxh5
gxh5 34. f5 Rc1 35. f6+ Kf8 36. Ng5 Rxc2+ 37. Ke3 c3 38. Nh7+ Kg8 39. f7+ Kxh7
40. f8=Q Rxb2 41. Qf7+ 1-0

[Event "24. OSREDNJA SLOVENSKA LIGA 2023"]
[Site "gostovanja"]
[Date "2023.11.09"]
[Round "7.4"]
[White "Ocepek, Marjan"]
[Black "Perme, Stanko"]
[Result "1-0"]
[WhiteElo "1609"]
[BlackElo "1033"]
[PlyCount "65"]
[EventDate "2023.11.09"]
[WhiteTeam "SD MENGES - TRZIN"]
[BlackTeam "SK KOMENDA POPOTNIK"]

1. Nf3 d5 2. d4 Bg4 3. Nbd2 Nf6 4. g3 e6 5. Bg2 Nc6 6. O-O Bd6 7. e3 Ne4 8. c4
h5 9. h3 Nxd2 10. Bxd2 Bf5 11. c5 Be7 12. Qe2 h4 13. g4 Be4 14. Nh2 g6 15. f3
Bc2 16. Rac1 Ba4 17. b3 Qd7 18. bxa4 f5 19. Rb1 b6 20. Rfc1 bxc5 21. dxc5 Ne5
22. Bc3 Nxf3+ 23. Nxf3 Rh7 24. Ne5 Qxa4 25. Rb4 Qa3 26. Rc2 Bxc5 27. Qb5+ Kf8
28. Qxc5+ Kg8 29. Rb8+ Rxb8 30. Qxa3 Rb7 31. Qa6 c5 32. Qxe6+ Kh8 33. Nxg6# 1-0

[Event "24. OSREDNJA SLOVENSKA LIGA 2023"]
[Site "gostovanja"]
[Date "2023.11.09"]
[Round "7.1"]
[White "Osolin, Bojan"]
[Black "Lanjscek, Miha"]
[Result "1-0"]
[WhiteElo "2075"]
[BlackElo "1785"]
[PlyCount "81"]
[EventDate "2023.11.09"]
[WhiteTeam "SD DOMZALE"]
[BlackTeam "SK TZIN PEKOS PUB"]

1. e4 c5 2. Nf3 d6 3. d4 cxd4 4. Nxd4 Nf6 5. f3 e5 6. Nb3 Be6 7. c4 Be7 8. Nc3
O-O 9. Be3 Nbd7 10. Rc1 b6 11. Be2 Nc5 12. O-O a6 13. Nd5 Nxd5 14. cxd5 Bd7 15.
Nd2 f5 16. b4 Na4 17. exf5 Rxf5 18. Bd3 Rf8 19. Nc4 b5 20. Na5 Bg5 21. Bxg5
Qxg5 22. Be4 Nb6 23. Qd3 h6 24. Rc7 Rac8 25. Rb7 Bh3 26. Qe2 Nc4 27. Nc6 Rfe8
28. Kh1 Ne3 29. gxh3 Nxf1 30. Qxf1 Kh8 31. Rd7 Rf8 32. Qg1 Qf6 33. Qg4 Ra8 34.
Re7 Rac8 35. Re6 Qf7 36. Rxd6 Rc7 37. Re6 Qg8 38. Qh5 a5 39. Qxe5 Rxc6 40. dxc6
Qf7 41. Rxh6+ 1-0

[Event "24. OSREDNJA SLOVENSKA LIGA 2023"]
[Site "gostovanja"]
[Date "2023.11.09"]
[Round "7.2"]
[White "Konvalinka, Kostja"]
[Black "Skok, Joze"]
[Result "0-1"]
[WhiteElo "1726"]
[BlackElo "1930"]
[PlyCount "112"]
[EventDate "2023.11.09"]
[WhiteTeam "SK TZIN PEKOS PUB"]
[BlackTeam "SD DOMZALE"]

1. e4 e6 2. e5 d5 3. exd6 Bxd6 4. d4 Nf6 5. Nf3 O-O 6. Bd3 c5 7. dxc5 Bxc5 8.
O-O Qc7 9. Nbd2 Nbd7 10. Qe2 Bd6 11. Ne4 Bf4 12. Bxf4 Qxf4 13. Nxf6+ Nxf6 14.
Rfe1 b6 15. Qe3 Qxe3 16. Rxe3 Bb7 17. Ng5 h6 18. Ne4 Nd5 19. Ree1 Rfd8 20. a3
Nf4 21. Bf1 Rac8 22. g3 Ng6 23. Rac1 Ne5 24. Bg2 Nc4 25. Nf6+ gxf6 26. Bxb7 Rc7
27. Bg2 Nxb2 28. Re2 Rc3 29. Rb1 Rxa3 30. Rxb2 Ra1+ 31. Bf1 Rdd1 32. Kg2 Rxf1
33. Rd2 Rad1 34. Rxd1 Rxd1 35. Ra2 a5 36. Kf3 Kf8 37. Ke2 Rd6 38. Ke3 Ke7 39.
Ke4 Rc6 40. f4 f5+ 41. Kd4 Kd6 42. h4 f6 43. c3 e5+ 44. Kd3 Kd5 45. Ra4 e4+ 46.
Kd2 Rc4 47. Ra3 a4 48. Ke3 h5 49. Kd2 Kc5 50. Ke3 b5 51. Ke2 b4 52. Rxa4 bxc3
53. Ra1 c2 54. Rc1 Kd4 55. Kd2 e3+ 56. Ke2 Ke4 0-1

[Event "24. OSREDNJA SLOVENSKA LIGA 2023"]
[Site "gostovanja"]
[Date "2023.11.09"]
[Round "7.3"]
[White "Timagina, Sofia"]
[Black "Azinovic, Igor"]
[Result "1/2-1/2"]
[WhiteElo "1463"]
[BlackElo "1702"]
[PlyCount "186"]
[EventDate "2023.11.09"]
[WhiteTeam "SD DOMZALE"]
[BlackTeam "SK TZIN PEKOS PUB"]

1. e4 c5 2. Nf3 d6 3. d4 cxd4 4. Nxd4 Nf6 5. Nc3 a6 6. g3 e5 7. Nb3 Be7 8. Bg2
Be6 9. O-O O-O 10. Re1 Nbd7 11. a4 Rc8 12. Nd2 Nb6 13. Nf1 Bg4 14. Qd3 Nfd7 15.
Ne3 Nc5 16. Qd2 Bg5 17. b3 Be6 18. Bb2 f5 19. exf5 Bxf5 20. a5 d5 21. Ncxd5
Nxd5 22. Qxd5+ Qxd5 23. Bxd5+ Kh8 24. Nxf5 Rxf5 25. Rxe5 Rxe5 26. Bxe5 Rd8 27.
Rd1 h6 28. b4 Nd7 29. Bb2 b6 30. Be6 Nf8 31. Rxd8 Bxd8 32. Bc8 bxa5 33. bxa5
Bxa5 34. Bxa6 Ne6 35. c4 Kg8 36. Kg2 Kf7 37. Kf3 Bb6 38. Bc8 Ng5+ 39. Ke2 Ne4
40. f3 Nd6 41. Ba6 Nf5 42. g4 Nd4+ 43. Kf2 g5 44. Kg2 Bc5 45. Kg3 Ne2+ 46. Kg2
Nf4+ 47. Kf1 Bd6 48. Bd4 Ne6 49. Bg1 Kf6 50. Ke2 Ke5 51. Bf2 Bb4 52. Bg3+ Kd4
53. Bf2+ Ke5 54. Be3 Nd4+ 55. Kd3 Nxf3 56. h3 Ne1+ 57. Ke2 Ng2 58. Kf2 Nf4 59.
Kg3 Ke4 60. Ba7 Ne2+ 61. Kf2 Nf4 62. Kg3 Ne2+ 63. Kf2 Nf4 64. Bb7+ Ke5 65. Kg3
Nd3 66. Ba6 Bd6 67. Kf3 Nf4 68. c5 Bc7 69. Bb6 Bb8 70. c6 Kd6 71. Bb7 Nxh3 72.
Bd4 Nf4 73. Bg7 Ne6 74. Bxh6 Ke5 75. Ke3 Bc7 76. Ba6 Bb6+ 77. Kf3 Kd5 78. Bb7
Bc7 79. Bc8 Bf4 80. Bb7 Nd4+ 81. Kf2 Nxc6 82. Kf3 Kd6 83. Bxc6 Kxc6 84. Ke4 Kd7
85. Kf5 Ke8 86. Bxg5 Bd6 87. Kg6 Kf8 88. Kh7 Kf7 89. Bh6 Be7 90. Bg7 Bg5 91.
Bh6 Be7 92. Bf4 Bf6 93. Kh6 Be7 1/2-1/2

[Event "24. OSREDNJA SLOVENSKA LIGA 2023"]
[Site "gostovanja"]
[Date "2023.11.09"]
[Round "7.4"]
[White "Markic, Vladimir"]
[Black "Cesnik, Sebastjan"]
[Result "1-0"]
[WhiteElo "1594"]
[BlackElo "1000"]
[PlyCount "53"]
[EventDate "2023.11.09"]
[WhiteTeam "SK TZIN PEKOS PUB"]
[BlackTeam "SD DOMZALE"]

1. d4 d5 2. Nf3 e6 3. e3 a6 4. Bd3 c5 5. c3 Nc6 6. O-O Nf6 7. Nbd2 Be7 8. Qe2
O-O 9. dxc5 Bxc5 10. e4 Re8 11. Nb3 Be7 12. Bf4 Nh5 13. Be3 Qc7 14. exd5 exd5
15. Qc2 h6 16. Nbd4 Ne5 17. Bh7+ Kh8 18. Bf5 Ng4 19. Bxg4 Bxg4 20. Qd2 Bd6 21.
h3 Bd7 22. Bxh6 Bf4 23. Bxf4 Nxf4 24. h4 Re4 25. g3 Ng6 26. Rfe1 Nxh4 27. Rxe4
1-0

[Event "24. OSREDNJA SLOVENSKA LIGA 2023"]
[Site "gostovanja"]
[Date "2023.11.09"]
[Round "7.2"]
[White "Keber, Aljosa"]
[Black "Susnik, Matej"]
[Result "1/2-1/2"]
[WhiteElo "1861"]
[BlackElo "2003"]
[PlyCount "28"]
[EventDate "2023.11.09"]
[WhiteTeam "SK KOMENDA POGI"]
[BlackTeam "DRUSTVO TOMO ZUPAN"]

1. d4 Nf6 2. Bf4 e6 3. Nf3 c5 4. e3 Be7 5. c3 Nh5 6. Bxb8 Rxb8 7. Nbd2 Nf6 8.
Bd3 O-O 9. O-O b5 10. e4 d6 11. Qe2 b4 12. e5 dxe5 13. dxe5 Nd5 14. Qe4 g6
1/2-1/2

[Event "24. OSREDNJA SLOVENSKA LIGA 2023"]
[Site "gostovanja"]
[Date "2023.11.09"]
[Round "7.2"]
[White "Logar, Metod"]
[Black "Babarovic, Fran"]
[Result "1-0"]
[WhiteElo "1981"]
[BlackElo "1653"]
[PlyCount "67"]
[EventDate "2023.11.09"]
[WhiteTeam "DRUSTVO TOMO ZUPAN"]
[BlackTeam "SK KOMENDA POGI"]

1. e4 e5 2. Nf3 Nc6 3. Bb5 Nf6 4. Qe2 Bc5 5. c3 O-O 6. d3 d6 7. Nbd2 a6 8. Ba4
b5 9. Bc2 d5 10. O-O Bg4 11. h3 Bh5 12. g4 Bg6 13. Kh2 Qd7 14. Rg1 h5 15. g5
Nh7 16. Nh4 Qd8 17. Ndf3 dxe4 18. dxe4 b4 19. Bd2 bxc3 20. bxc3 Qd6 21. Rad1
Ne7 22. Be3 Qb6 23. Nxe5 Bxe3 24. fxe3 Qe6 25. Nexg6 Nxg6 26. Qxh5 Qxa2 27. Rg2
Qe6 28. Rd4 Qe5+ 29. Kh1 Ne7 30. Nf3 Qa5 31. e5 g6 32. Qh6 Qa1+ 33. Kh2 f5 34.
gxf6 1-0

[Event "24. OSREDNJA SLOVENSKA LIGA 2023"]
[Site "gostovanja"]
[Date "2023.11.09"]
[Round "7.3"]
[White "Macek, Inti"]
[Black "Markun, Ozbej"]
[Result "0-1"]
[WhiteElo "1472"]
[BlackElo "1911"]
[PlyCount "120"]
[EventDate "2023.11.09"]
[WhiteTeam "SK KOMENDA POGI"]
[BlackTeam "DRUSTVO TOMO ZUPAN"]

1. d4 Nf6 2. c4 g6 3. Nc3 Bg7 4. Nf3 O-O 5. g3 d6 6. Bg2 Nbd7 7. O-O c6 8. e4
e5 9. Be3 Re8 10. d5 cxd5 11. cxd5 Nc5 12. Ne1 b6 13. b4 Ncd7 14. f3 Nh5 15.
Nd3 f5 16. Bf2 Ndf6 17. h3 a6 18. a4 Bd7 19. a5 b5 20. Ne2 Bh6 21. Be1 Rc8 22.
Bd2 Bxd2 23. Qxd2 fxe4 24. fxe4 Rc4 25. Nf2 Qc7 26. Rac1 Rc8 27. Kh2 Rc2 28.
Rxc2 Qxc2 29. Qxc2 Rxc2 30. Re1 Kf7 31. Bf3 Rc4 32. Rb1 h6 33. h4 g5 34. hxg5
hxg5 35. Kg1 g4 36. Bg2 Ke7 37. Kh2 Kd8 38. Rb2 Nh7 39. Rb3 Rc2 40. Re3 Ng5 41.
Bh1 Nf6 42. Kg1 Rc4 43. Rb3 Nfxe4 44. Bxe4 Nxe4 45. Nd1 Nd2 46. Rb2 Nf3+ 47.
Kf2 Ke7 48. Ne3 Rc8 49. Rc2 Rxc2 50. Nxc2 Ng5 51. Nc3 Kf6 52. Ne3 e4 53. Ne2
Ke5 54. Ke1 Nh7 55. Kd2 Nf6 56. Nf4 Kd4 57. Ne2+ Ke5 58. Nf4 Be8 59. Ke2 Bf7
60. Kd2 Bxd5 0-1

[Event "24. OSREDNJA SLOVENSKA LIGA 2023"]
[Site "gostovanja"]
[Date "2023.11.09"]
[Round "7.4"]
[White "Muri, Emil"]
[Black "Zagar, Katarina"]
[Result "1-0"]
[WhiteElo "1766"]
[BlackElo "1149"]
[PlyCount "37"]
[EventDate "2023.11.09"]
[WhiteTeam "DRUSTVO TOMO ZUPAN"]
[BlackTeam "SK KOMENDA POGI"]

1. e4 e5 2. d4 exd4 3. Qxd4 Nc6 4. Qe3 d6 5. Bd2 Nf6 6. Nc3 Be7 7. O-O-O Be6 8.
f4 Ng4 9. Qe1 Nf6 10. h3 h5 11. Nf3 Bc8 12. Bc4 Na5 13. Bd3 b6 14. e5 dxe5 15.
fxe5 Nd7 16. e6 fxe6 17. Qxe6 Nf8 18. Bg6+ Nxg6 19. Qxg6+ 1-0

[Event "24. OSREDNJA SLOVENSKA LIGA 2023"]
[Site "gostovanja"]
[Date "2023.11.09"]
[Round "7.1"]
[White "Peric, Bernard"]
[Black "Butala, Marjan"]
[Result "1-0"]
[WhiteElo "2160"]
[BlackElo "1897"]
[PlyCount "51"]
[EventDate "2023.11.09"]
[WhiteTeam "SK VISNJA GORA - STICNA"]
[BlackTeam "KPSRD KAREL JERAJ"]

1. e4 e5 2. Nf3 Nc6 3. Nc3 Nf6 4. d4 exd4 5. Nxd4 Bb4 6. Nxc6 bxc6 7. Bd3 d6 8.
O-O O-O 9. Bg5 h6 10. Bh4 g5 11. Bg3 Bg4 12. Ne2 Nh5 13. h3 Nxg3 14. fxg3 Bc5+
15. Kh1 Be6 16. g4 d5 17. e5 f6 18. exf6 Rxf6 19. Qd2 Qe7 20. Ng3 Rxf1+ 21.
Rxf1 Rf8 22. Bf5 Bd6 23. Re1 Bxg3 24. Rxe6 Rxf5 25. gxf5 Qf7 26. Rg6+ 1-0

[Event "24. OSREDNJA SLOVENSKA LIGA 2023"]
[Site "gostovanja"]
[Date "2023.11.09"]
[Round "7.2"]
[White "Novakovic, Novica"]
[Black "Baric, Dusan"]
[Result "0-1"]
[WhiteElo "1644"]
[BlackElo "1943"]
[PlyCount "66"]
[EventDate "2023.11.09"]
[WhiteTeam "KPSRD KAREL JERAJ"]
[BlackTeam "SK VISNJA GORA - STICNA"]

1. d4 Nf6 2. Bf4 c5 3. dxc5 Qa5+ 4. c3 Qxc5 5. Nd2 d6 6. e3 g6 7. Ngf3 Bg7 8.
Bc4 O-O 9. h3 b5 10. Bb3 Bb7 11. O-O a5 12. Rc1 Nc6 13. Qe2 a4 14. Bc2 Rfc8 15.
a3 Na5 16. Rfd1 Nc4 17. Rb1 Nd5 18. Bg3 Nxb2 19. Ne4 Nxc3 20. Nxc3 Nxd1 21.
Bxd1 Qxc3 22. Qxb5 Be4 23. Rb4 Bd3 24. Qd5 Qxa3 25. Rb7 e6 26. Qg5 Qa1 27. Qe7
Rf8 28. Ng5 Qf6 29. Qxd6 Rad8 30. Qf4 Qxf4 31. Bxf4 h6 32. Bc7 Ba6 33. Bxd8
Bxb7 0-1

[Event "24. OSREDNJA SLOVENSKA LIGA 2023"]
[Site "gostovanja"]
[Date "2023.11.09"]
[Round "7.4"]
[White "Cizman, Gregor"]
[Black "Jancigaj, Saso Valentin"]
[Result "1/2-1/2"]
[WhiteElo "1504"]
[BlackElo "1673"]
[PlyCount "55"]
[EventDate "2023.11.09"]
[WhiteTeam "KPSRD KAREL JERAJ"]
[BlackTeam "SK VISNJA GORA - STICNA"]

1. d4 f5 2. e4 fxe4 3. Nc3 Nf6 4. Bg5 e6 5. Bxf6 Qxf6 6. Nxe4 Qf5 7. Qf3 d5 8.
Qxf5 exf5 9. Nd2 Bd6 10. Bd3 O-O 11. Ne2 f4 12. O-O Bg4 13. h3 Bh5 14. f3 Nd7
15. Rae1 Rae8 16. Nc3 c6 17. Rxe8 Rxe8 18. Rf2 Re1+ 19. Rf1 Re2 20. Rf2 Re1+
21. Rf1 Re7 22. Rf2 g5 23. Re2 Kg7 24. Nf1 Rxe2 25. Nxe2 Nf6 26. Nh2 b5 27. Ng4
Bxg4 28. hxg4 {nejasno (67)} 1/2-1/2

[Event "24. OSREDNJA SLOVENSKA LIGA 2023"]
[Site "gostovanja"]
[Date "2023.11.23"]
[Round "9.1"]
[White "Lanjscek, Miha"]
[Black "Justin, Matjaz"]
[Result "0-1"]
[WhiteElo "1785"]
[BlackElo "2227"]
[PlyCount "46"]
[EventDate "2023.11.23"]
[WhiteTeam "SK TRZIN PEKOS PUB"]
[BlackTeam "SD VRHNIKA"]

1. d4 Nf6 2. c4 e6 3. Nc3 Bb4 4. Qc2 O-O 5. a3 Bxc3+ 6. Qxc3 b6 7. Nf3 Ba6 8.
e3 d5 9. Bd3 c5 10. dxc5 bxc5 11. O-O Nc6 12. Rd1 d4 13. Qc2 e5 14. e4 h6 15.
Bd2 Bc8 16. h3 a5 17. Rab1 Qe7 18. Nh4 g5 19. Qa4 gxh4 20. Qxc6 Bd7 21. Qc7
Rfc8 22. Qb6 Rcb8 23. Qc7 Ne8 0-1

[Event "24. OSREDNJA SLOVENSKA LIGA 2023"]
[Site "gostovanja"]
[Date "2023.11.23"]
[Round "9.2"]
[White "Siraj, Svit"]
[Black "Konvalinka, Kostja"]
[Result "1-0"]
[WhiteElo "1914"]
[BlackElo "1726"]
[PlyCount "51"]
[EventDate "2023.11.23"]
[WhiteTeam "SD VRHNIKA"]
[BlackTeam "SK TRZIN PEKOS PUB"]

1. e4 c5 2. Nf3 d6 3. c3 Nf6 4. h3 Nc6 5. Bd3 e6 6. O-O Be7 7. Bc2 e5 8. d4
cxd4 9. cxd4 exd4 10. Nxd4 O-O 11. Nc3 Nxd4 12. Qxd4 h6 13. Bf4 Nh5 14. Bh2 Bf6
15. Qxd6 Bxc3 16. bxc3 Qa5 17. Qb4 Qg5 18. f4 Qg6 19. f5 Qg5 20. e5 b6 21. Qg4
Qd2 22. Be4 Rb8 23. Kh1 g6 24. e6 Ba6 25. fxg6 Bxf1 26. gxf7+ 1-0

[Event "24. OSREDNJA SLOVENSKA LIGA 2023"]
[Site "gostovanja"]
[Date "2023.11.23"]
[Round "9.3"]
[White "Azinovic, Igor"]
[Black "Praznik, Anton"]
[Result "1-0"]
[WhiteElo "1702"]
[BlackElo "2011"]
[PlyCount "185"]
[EventDate "2023.11.23"]
[WhiteTeam "SK TRZIN PEKOS PUB"]
[BlackTeam "SD VRHNIKA"]

1. e4 Nf6 2. e5 Nd5 3. c4 Nb6 4. d4 d6 5. f4 dxe5 6. fxe5 Nc6 7. Be3 Bf5 8. Nf3
e6 9. Bd3 Bxd3 10. Qxd3 Nb4 11. Qe2 c5 12. O-O Be7 13. Nc3 O-O 14. dxc5 Nd7 15.
Rad1 Qc8 16. a3 Nc6 17. Bf2 Nxc5 18. Nb5 b6 19. Nd6 Qc7 20. b4 Nd7 21. c5 bxc5
22. bxc5 Qa5 23. Qe4 Qc7 24. Rd2 Ncxe5 25. Nxe5 Nxc5 26. Qc6 Bxd6 27. Rxd6 Qxc6
28. Rxc6 Ne4 29. Be1 f6 30. Nf3 e5 31. Bb4 Rfc8 32. Rfc1 Rxc6 33. Rxc6 Rd8 34.
h3 Rd1+ 35. Kh2 h5 36. Rc7 g5 37. Rxa7 h4 38. Rc7 Ng3 39. Ne1 e4 40. a4 Ra1 41.
a5 f5 42. Bc3 Ra2 43. Rc6 f4 44. Rf6 Ra3 45. Bb4 Ra2 46. a6 f3 47. Bc5 Kg7 48.
Bd4 Nh5 49. Rxf3+ Kg6 50. Re3 Ng3 51. Rb3 Rxa6 52. Rb6+ Rxb6 53. Bxb6 Ne2 54.
Bc7 g4 55. Nc2 gxh3 56. Kxh3 Kh5 57. Ne3 Ng1+ 58. Kh2 Nf3+ 59. gxf3 exf3 60.
Kh3 Kg5 61. Bd8+ Kf4 62. Nf1 f2 63. Bxh4 Kf3 64. Be7 Ke2 65. Kg2 Ke1 66. Bc5
Ke2 67. Bxf2 Kd3 68. Kf3 Kc4 69. Ke4 Kc3 70. Bd4+ Kc4 71. Ne3+ Kb5 72. Kd5 Ka6
73. Kc6 Ka5 74. Nd5 Ka4 75. Kc5 Kb3 76. Bc3 Kc2 77. Kc4 Kd1 78. Nf4 Kc2 79. Bb4
Kd1 80. Kd3 Kc1 81. Bc3 Kd1 82. Nd5 Kc1 83. Bd4 Kd1 84. Bc3 Kc1 85. Ne3 Kb1 86.
Kc4 Ka2 87. Kb4 Kb1 88. Bd2 Kb2 89. Be1 Kc1 90. Kb3 Kb1 91. Bd2 Ka1 92. Nc2+
Kb1 93. Na3+ 1-0

[Event "24. OSREDNJA SLOVENSKA LIGA 2023"]
[Site "gostovanja"]
[Date "2023.11.23"]
[Round "9.4"]
[White "Sever, Gasper"]
[Black "Banko, Franci"]
[Result "1-0"]
[WhiteElo "1406"]
[BlackElo "1404"]
[PlyCount "91"]
[EventDate "2023.11.23"]
[WhiteTeam "SD VRHNIKA"]
[BlackTeam "SK TRZIN PEKOS PUB"]

1. e4 c5 2. Nf3 Nc6 3. d4 cxd4 4. Nxd4 e5 5. Nb5 d6 6. N1c3 a6 7. Na3 Nf6 8.
Bg5 Be7 9. Bxf6 Bxf6 10. Nd5 O-O 11. Be2 Qa5+ 12. c3 Bh4 13. g3 Bg5 14. h4 Bh6
15. Nc4 Qd8 16. Ndb6 Rb8 17. Qxd6 Qxd6 18. Nxd6 Be6 19. O-O f5 20. exf5 Bxf5
21. Bc4+ Kh8 22. Nf7+ Rxf7 23. Bxf7 g6 24. Rfd1 Rd8 25. Bd5 Bc2 26. Re1 Re8 27.
Bxc6 bxc6 28. Nc4 e4 29. Ne3 Bd3 30. Rad1 c5 31. Ng4 Bc2 32. Nxh6 Bxd1 33. Rxd1
Kg7 34. Ng4 h5 35. Rd7+ Kf8 36. Ne3 Re7 37. Rxe7 Kxe7 38. Nd5+ Kd6 39. Nf4 g5
40. hxg5 Ke5 41. g6 Kf6 42. b4 cxb4 43. cxb4 Kg7 44. a4 Kf6 45. b5 axb5 46.
axb5 1-0

[Event "24. OSREDNJA SLOVENSKA LIGA 2023"]
[Site "gostovanja"]
[Date "2023.11.23"]
[Round "9.1"]
[White "Skok, Boris"]
[Black "Debevec, Blaz"]
[Result "0-1"]
[WhiteElo "1938"]
[BlackElo "2100"]
[PlyCount "88"]
[EventDate "2023.11.23"]
[WhiteTeam "SD CRNI GRABEN"]
[BlackTeam "SD DOMZALE"]

1. d4 Nf6 2. c4 g6 3. f3 c5 4. d5 d6 5. Nc3 Bg7 6. e4 O-O 7. Nge2 e6 8. Be3
exd5 9. cxd5 Na6 10. Ng3 Nc7 11. Qd2 b5 12. Be2 b4 13. Nd1 Re8 14. O-O Bd7 15.
Re1 Bb5 16. Nf2 Bxe2 17. Rxe2 Nb5 18. Ree1 Nd7 19. Bg5 Bf6 20. Bxf6 Qxf6 21.
Rad1 h5 22. Nf1 Nd4 23. Nd3 b3 24. axb3 Nxb3 25. Qc2 Nd4 26. Qc3 Rab8 27. f4
Rb3 28. Qc1 Qh4 29. Ng3 Nf6 30. Nf2 Ng4 31. Nxg4 Qxg4 32. e5 Rxg3 33. hxg3 dxe5
34. fxe5 Nf3+ 35. Kf2 Nxe1 36. Rxe1 Qd4+ 37. Qe3 Qxd5 38. Qg5 Qd4+ 39. Kf1 Qxb2
40. e6 Rxe6 41. Rxe6 fxe6 42. Qxc5 Qb1+ 43. Ke2 Qe4+ 44. Kd2 Qd5+ 0-1